Hallazgo de miniaturas románicas en el Archivo de la Corona de Aragón / J.E. Martínez Ferrando
Descripción Física:
15 p., [1], [8] f. de làm. : il. ; 27 cm
MARC
| LEADER | 00000nam a2200000Ia 4500 | ||
|---|---|---|---|
| 001 | 15559 | ||
| 008 | 160829s1944 xx 000 0 cat d | ||
| 080 | |a FU-38-11 | ||
| 100 | |a Martínez Ferrando, Ernest |9 25906 | ||
| 245 | |a Hallazgo de miniaturas románicas en el Archivo de la Corona de Aragón / J.E. Martínez Ferrando | ||
| 260 | |a [Barcelona] : |b Asociación de Bibliófilos de Barcelona, |c 1944 | ||
| 300 | |a 15 p., [1], [8] f. de làm. : |b il. ; |c 27 cm | ||
| 650 | |a Liber Feudorum Major |9 39070 | ||
| 650 | |a Miniatura |9 39071 | ||
| 650 | |a Cartularis I |9 39072 | ||
| 650 | |a Corona catalanoaragonesa |x Història |x Fonts |9 44963 | ||
| 710 | 2 | |a Asociación de Bibliófilos de Barcelona |9 55073 | |
| 710 | 2 | |a Arxiu de la Corona d'Aragó |9 55371 | |
| 856 | 4 | |u https://media.diba.cat/diba/fitxers/arxiu/fulletons/bib_15559_baixa.pdf |y Accés lliure | |
| 856 | 4 | |u https://media.diba.cat/diba/fitxers/arxiu/fulletons/bib_15559_baixa.pdf |y Accés lliure | |
| 901 | |a Arxiu | ||
| 942 | |n 1 |2 udc | ||
| 952 | |0 0 |1 0 |4 0 |6 FU3811 |7 1 |9 48784 |a Arxiu |b Arxiu |d 2016-12-01 |l 0 |o FU-38-11 |p 15559 |r 2016-12-01 00:00:00 |w 2016-12-01 |y ARXIU | ||
| 999 | |c 52615 |d 52615 | ||
| 900 | |a bib_15559_baixa.pdf | ||